| 000 | 00000nas 2200000za 4500 |
| 001 | 9.502386 |
| 003 | CaOODSP |
| 005 | 20221107133110 |
| 007 | cr ||||||||||| |
| 008 | 150406d20042018oncar psos|||f0 b0fre|d |
| 022 | |a1928-3520 |
| 040 | |aCaOODSP|bfre |
| 043 | |an-cn--- |
| 086 | 1 |aIu41-3F-PDF |
| 222 | 0|aProfil de l'industrie canadienne de l'hydrogène et des piles à combustible de ... |b(En ligne) |
| 245 | 00|aProfil de l'industrie canadienne de l'hydrogène et des piles à combustible de ... |h[ressource électronique]. |
| 260 | |aOttawa : |bIndustrie Canada, |c2004-[2018] |
| 310 | |aAnnuel |
| 362 | 1 |aParaît depuis 2004; ne paraît plus après 2018. |
| 500 | |aPubl. aussi en anglais sous le titre : Canadian hydrogen and fuel cell sector profile. |
| 520 | 3 |a« Depuis plus de 10 ans, le gouvernement du Canada et l’Association canadienne de l’hydrogène et des piles à combustible (ACHPC) s’associent pour élaborer le Profil de l’industrie canadienne de l’hydrogène et des piles à combustible, [...] » - 2015, p. 2. |
| 530 | |aÉgalement publ. en version imprimée. |
| 550 | |aPubl. 2015- par Innovation, Sciences et Développement économique Canada. |
| 692 | 07|2gccst|aTechnologie énergétique |
| 692 | 07|2gccst|aÈnergie de remplacement |
| 710 | 1 |aCanada. |bInnovation, sciences et développement économique Canada. |
| 710 | 1 |aCanada. |bIndustrie Canada. |
| 775 | 08|tCanadian hydrogen and fuel cell sector profile |w(CaOODSP)9.505984 |